00785nam a2200205 a 450000100100000000500170001000800410002704000250006808200220009310000350011524500740015026000500022430000370027459000260031165000270033765000360036491000420040095201200044299900170056200002179520200930011443.0100913s1976 dr ac r 000 0 spa d aDO-SdBNPbspacBNPHU a641.597293bG643c1 aGonzález, Guillermina94527610aCocina dominicana y platos internacionales /cGuillermina González. aSanto Domingo :bEducativa dominicana,c1976. a277 p. :bil. ; retrs. ;c23 cm. aInventariado, 2018/BT 4aCocina dominicana9192 4aPreparación de alimentos9193 aValidado. Control de calidad. MMOLINA 0010718PDaPDbPDcHDd2010-09-13iLF1l0o641.597293 G643cp21795-10r2020-06-25w2020-06-25yLFPDZNo se presta c21293d21293